00651nam a2200241 a 4500001001300000003000900013005001700022008004100039020001000080082001600090100001400106245002000120260004000140300000800180500003500188505001500223650001000238700001400248902000800262942000700270952011700277999001500394nice12345678IN_TiNIC20260116012424.0050524s1969 hyda grp 000 0 urd  ac10000a303.66bLAL aLal, Brij aQaumi Yakjehti. aHyderabadbHindustani Sahtiyac1969 a48p aincludes index and biblioraphy2 aChronology aPeace1 aLal, Brij bSRS cBK 001040708StackRoom-aHMIbHMId2007-03-20g100.00l0o303.66 LALp013398r2007-03-20v100.00w2005-05-24yBK c6963d6963